000 01106nam0a22002891 4500
001 rc\3983464
005 20130415122307.6
021 _aRU
_b[56-50997]
035 _a(NLR Aleph) 008062688
090 _a9012868
_c9012868
100 _a20130415d1956 |||y0rusy50 ca
101 0 _arus
102 _aRU
105 _aa z |||||
200 1 _aЗа высокие надои молока
_f[Лит. запись Г.Н. Смирновой]
210 _aКраснодар
_cКн. изд-во
_d1956
215 _a44 с.
_cил.
_d20
225 1 _aКубанцы на ВСХВ
300 _aПеред загл. авт.: Н.Я. Ласенко, пред. исполкома Советского район. Совета депутатов трудящихся
606 _aКоровы
_xУход и содержание
_yКраснодарский край
_2psbo
700 1 _aЛасенко
_bН. Я.
_gНиколай Яковлевич
702 1 _aСмирнова
_bГ. Н.
_4570
801 0 _aRU
_bNLR
_gpsbo
801 1 _aRU
_bELAR
_2rusmarc
852 _aNLR
_jС90 Г-4/4260
942 _cBOOK
980 _aNB